[Event "Kilkenny Masters"]
[Site "Kilkenny IRL"]
[Date "2012.11.25"]
[Round "5.2"]
[White "Baburin, A."]
[Black "Hebden, M."]
[Result "0-1"]
[WhiteElo "2534"]
[BlackElo "2540"]
[PlyCount "64"]
[EventDate "2012.11.23"]
[SourceDate "1999.07.01"]

1. d4 Nf6 2. c4 g6 3. Nf3 Bg7 4. g3 O-O 5. Bg2 d6 6. O-O Nc6 7. Nc3 Rb8 8. Bg5
h6 9. Bd2 e5 10. d5 Ne7 11. e4 Ne8 12. Ne1 f5 13. Nd3 Nf6 14. f4 exf4 15. Nxf4
c6 16. Qb3 g5 17. Nd3 cxd5 18. exd5 Ng4 19. Kh1 Ng6 20. Qc2 Bd7 21. c5 Rc8 22.
cxd6 Qb6 23. Qb3 Qxd6 24. Qxb7 Nh4 25. Qb4 Qxb4 26. Nxb4 Nxg2 27. Kxg2 Rb8 28.
Nd3 Bxc3 29. bxc3 Bb5 30. Rf3 Bc4 31. Nb4 a5 32. Nc6 Rb2 0-1

[Event "62nd ch-HUN 2012"]
[Site "Heviz HUN"]
[Date "2012.11.23"]
[Round "2.4"]
[White "Banusz, T."]
[Black "Szabo, Krisz1"]
[Result "1-0"]
[WhiteElo "2580"]
[BlackElo "2541"]
[PlyCount "77"]
[EventDate "2012.11.22"]
[SourceDate "1999.07.01"]

1. c4 g6 2. Nf3 Bg7 3. d4 Nf6 4. g3 O-O 5. Bg2 d6 6. O-O Nc6 7. Nc3 a6 8. Bd2
Rb8 9. Rc1 b5 10. d5 Na5 11. cxb5 axb5 12. b4 Nc4 13. Nd4 Bd7 14. Bg5 h6 15.
Bxf6 Bxf6 16. e3 Rb6 17. Qe2 Na3 18. h4 h5 19. Ne4 Ra6 20. Nxf6+ exf6 21. Be4
Nc4 22. Bd3 Qa8 23. Bxc4 bxc4 24. Qxc4 Bh3 25. Rfd1 Rxa2 26. Nc6 Qa3 27. Qc3
Qxc3 28. Rxc3 Bg4 29. Rdc1 Bf3 30. b5 Kg7 31. Nd4 Bxd5 32. Rxc7 Rfa8 33. Kf1
Be4 34. Ne6+ Kh6 35. Rxf7 Rb2 36. Rxf6 Rxb5 37. Ng5 Bd3+ 38. Kg2 Rf5 39. Rc7
1-0

[Event "VIII Governor's Cup"]
[Site "Khanty-Mansiysk RUS"]
[Date "2012.11.23"]
[Round "9.4"]
[White "Khismatullin, D."]
[Black "Onischuk, V."]
[Result "1/2-1/2"]
[WhiteElo "2646"]
[BlackElo "2563"]
[PlyCount "205"]
[EventDate "2012.11.15"]
[SourceDate "1999.07.01"]

1. d4 d6 2. Nf3 g6 3. g3 Bg7 4. Bg2 Nf6 5. O-O O-O 6. c4 c6 7. Nc3 a6 8. e4 Bg4
9. h3 Bxf3 10. Qxf3 Nfd7 11. Rd1 Qb6 12. Bg5 Re8 13. Qd3 Qa5 14. Bd2 c5 15. d5
Qc7 16. a4 Bd4 17. Qc2 e6 18. Bg5 Nf8 19. Re1 Nbd7 20. Rad1 Bg7 21. Kh2 Rab8
22. Bf4 Ne5 23. b3 exd5 24. exd5 f5 25. Bd2 Re7 26. Re2 Nf7 27. Rde1 Rbe8 28.
a5 Bd4 29. Kg1 Qd8 30. Rxe7 Rxe7 31. Ne2 Qe8 32. Kf1 Be5 33. Nf4 Bxf4 34. Rxe7
Qxe7 35. Bxf4 Qf6 36. Bd2 Qa1+ 37. Be1 Nd7 38. Bf3 Ng5 39. Bd1 Qd4 40. Bc3 Qe4
41. Qxe4 Nxe4 42. Be1 Kf7 43. f3 Nef6 44. Ke2 Nh5 45. Ke3 Nhf6 46. Be2 b6 47.
axb6 Nxb6 48. Ba5 Nbd7 49. Bc3 Nh5 50. Be1 Nhf6 51. Kd2 Ne5 52. f4 Ned7 53. g4
fxg4 54. hxg4 h6 55. Ke3 g5 56. Bg3 Ke7 57. Kf3 Nf8 58. Bd3 N8d7 59. Bf5 gxf4
60. Bxf4 Ne5+ 61. Kg3 Nf7 62. Kh4 a5 63. Bd2 Ne5 64. Bxh6 Nf3+ 65. Kg3 Nd4 66.
Kf4 Nxb3 67. g5 Ne8 68. g6 Kf6 69. Bg5+ Kg7 70. Be7 Nd4 71. Bd7 Nf6 72. Ba4
Ne2+ 73. Kf5 Nd4+ 74. Kf4 Ne2+ 75. Kg5 Ne4+ 76. Kf5 N4g3+ 77. Ke6 Kxg6 78. Bxd6
Ne4 79. Be5 Ng5+ 80. Ke7 Kf5 81. Bc7 Nd4 82. d6 Kg6 83. Be8+ Kg7 84. d7 Nf5+
85. Kd8 a4 86. Kc8 Ne6 87. d8=Q Nxd8 88. Be5+ Kh7 89. Kxd8 Ne3 90. Bf7 a3 91.
Ke7 a2 92. Kd6 Nc2 93. Kxc5 a1=Q 94. Bxa1 Nxa1 95. Bh5 Nb3+ 96. Kd5 Kg7 97. Bd1
Na5 98. c5 Kf7 99. Bf3 Ke7 100. Bg4 Kd8 101. Kd6 Nb7+ 102. Kc6 Nxc5 103. Kxc5
1/2-1/2

[Event "1st Simon Bolivar Open 2012"]
[Site "San Cristobal VEN"]
[Date "2012.09.28"]
[Round "6.5"]
[White "Leitao, R."]
[Black "Almeida Quintana, O."]
[Result "1/2-1/2"]
[WhiteElo "2623"]
[BlackElo "2520"]
[PlyCount "113"]
[EventDate "2012.09.25"]
[SourceDate "1999.07.01"]

1. d4 d6 2. Nf3 Nf6 3. c4 g6 4. g3 Bg7 5. Bg2 O-O 6. O-O c6 7. Nc3 Qa5 8. e4 e5
9. h3 Nbd7 10. Re1 exd4 11. Nxd4 Ne5 12. Bf1 Re8 13. Be3 c5 14. Nb3 Qb4 15. a3
Qb6 16. Nd2 Nc6 17. Rb1 Qd8 18. Bg2 Nd7 19. Nd5 a5 20. f4 a4 21. Kh2 Nb6 22. e5
Bf5 23. Rc1 dxe5 24. Bxc5 Nc8 25. Ne4 Bxe4 26. Rxe4 Ra5 27. Bf2 exf4 28. Rxe8+
Qxe8 29. gxf4 Qf8 30. Qd2 Nd6 31. c5 Nf5 32. Nb6 Rb5 33. Nxa4 Rb3 34. Nc3 Qb8
35. Re1 Bxc3 36. bxc3 Rxa3 37. Re4 Ra8 38. Qd7 Qc8 39. Qxc8+ Rxc8 40. Re2 Kf8
41. Rb2 Rc7 42. Be4 Nd8 43. Rd2 Ne6 44. Bxf5 gxf5 45. Rd5 Nxf4 46. Rxf5 Ne6 47.
Bg3 Rc6 48. Bd6+ Ke8 49. Rh5 b6 50. Rxh7 Nxc5 51. Be5 Ne4 52. h4 Ke7 53. Rh8 f6
54. Bd4 Kf7 55. h5 Kg7 56. Rb8 Nxc3 57. Rxb6 1/2-1/2

[Event "TCh-SRB Prem 2012"]
[Site "Valjevo SRB"]
[Date "2012.09.22"]
[Round "6.2"]
[White "Ipatov, Alexander"]
[Black "Pavlovic, Milos"]
[Result "1-0"]
[WhiteElo "2601"]
[BlackElo "2531"]
[PlyCount "171"]
[EventDate "2012.09.17"]
[SourceDate "1999.07.01"]
[WhiteTeam "SK Nis Nis"]
[BlackTeam "SK Lasta Beograd"]

1. d4 Nf6 2. c4 g6 3. g3 Bg7 4. Bg2 d6 5. Nf3 O-O 6. O-O c6 7. Nc3 Bf5 8. Ne1
Be6 9. b3 d5 10. Nd3 Na6 11. Nf4 Nc7 12. Nxe6 Nxe6 13. e3 Qd7 14. a4 a5 15. Ba3
Nc7 16. Rb1 Rfd8 17. Qe2 e6 18. Rfc1 Na6 19. Qe1 Bf8 20. Bxf8 Rxf8 21. Na2 Nc7
22. Rc2 Qe7 23. b4 axb4 24. Qxb4 Qxb4 25. Rxb4 Rfb8 26. Rcb2 Ra7 27. c5 e5 28.
Bh3 exd4 29. exd4 Ne4 30. Bd7 Na6 31. Rb6 Rd8 32. Bg4 Naxc5 33. dxc5 Nxc5 34.
Bd1 Re8 35. Kf1 Re7 36. Re2 Rd7 37. Nc3 Kg7 38. Rb4 f5 39. Re8 d4 40. Ne2 d3
41. Nc3 Kf7 42. Re5 Ra5 43. f4 Re7 44. Rxe7+ Kxe7 45. Rd4 Ra6 46. Na2 Ra8 47.
Nb4 d2 48. Rxd2 Nxa4 49. Bxa4 Rxa4 50. Nd3 Rd4 51. Ke2 Kd6 52. Ra2 c5 53. Ra8
Re4+ 54. Kd2 c4 55. Nf2 Re7 56. Nd1 b5 57. Rb8 Rd7 58. Kc2 Kc5 59. Nc3 b4 60.
Rb5+ Kd4 61. Rxb4 Ke3 62. Kc1 Kd3 63. Nd1 c3 64. Rb3 Rc7 65. Ra3 Rc6 66. Ra7 h5
67. Re7 c2 68. Nf2+ Kd4 69. Re2 Rc4 70. Rxc2 Rxc2+ 71. Kxc2 Ke3 72. Nd3 Kf3 73.
Ne5+ Kg2 74. h4 Kxg3 75. Nxg6 Kf3 76. Kb3 Ke4 77. Ka4 Kf3 78. Ka5 Kg4 79. Ka6
Kg3 80. Ka7 Kg4 81. Ka8 Kg3 82. Kb8 Kg4 83. Kc8 Kg3 84. Kd8 Kf3 85. Ke8 Kg3 86.
Kf8 1-0

[Event "3rd Livigno Open A"]
[Site "Livigno ITA"]
[Date "2012.09.14"]
[Round "6.5"]
[White "Maiorov, N1."]
[Black "Vovk, A."]
[Result "0-1"]
[WhiteElo "2554"]
[BlackElo "2549"]
[PlyCount "88"]
[EventDate "2012.09.10"]
[SourceDate "1999.07.01"]

1. d4 Nf6 2. c4 g6 3. g3 Bg7 4. Bg2 d6 5. Nf3 O-O 6. O-O Nbd7 7. Nc3 e5 8. e4
c6 9. b3 Re8 10. h3 exd4 11. Nxd4 Nc5 12. Re1 a5 13. Bf4 Qb6 14. Be3 Nfd7 15.
Rb1 Ne5 16. Re2 Qc7 17. Rd2 Qe7 18. f4 Ned7 19. Bf2 h5 20. Qf3 Nf6 21. Re1 Qf8
22. Nc2 Nh7 23. Bd4 f5 24. Bxg7 Kxg7 25. Qd1 fxe4 26. Nxe4 Nxe4 27. Rxe4 Rxe4
28. Bxe4 Bxh3 29. Rxd6 Nf6 30. Bf3 Re8 31. Qd4 Qe7 32. Kf2 Bg4 33. Bg2 c5 34.
Qe5 Qf8 35. Rxf6 Rxe5 36. fxe5 Qe7 37. Ne3 Qxe5 38. Nxg4 Qd4+ 39. Kf1 Qa1+ 40.
Kf2 Qxa2+ 41. Kg1 Qxb3 42. Rf3 Qd1+ 43. Kh2 hxg4 44. Rf1 Qc2 0-1

[Event "87th ch-FRA 2012"]
[Site "Pau FRA"]
[Date "2012.08.21"]
[Round "8"]
[White "Lagarde, Max"]
[Black "Istratescu, A."]
[Result "0-1"]
[WhiteElo "2505"]
[BlackElo "2647"]
[PlyCount "76"]
[EventDate "2012.08.13"]
[SourceDate "1999.07.01"]

1. Nf3 Nf6 2. c4 g6 3. d4 Bg7 4. g3 O-O 5. Bg2 d6 6. O-O Nc6 7. Nc3 Rb8 8. a3
a6 9. Qd3 b5 10. b4 Na7 11. e4 bxc4 12. Qxc4 Nb5 13. Nxb5 axb5 14. Qc2 Bb7 15.
Re1 Nd7 16. Bb2 Nb6 17. d5 Bxb2 18. Qxb2 c6 19. Qc1 cxd5 20. Qh6 f6 21. Nd4 Rf7
22. exd5 Nxd5 23. Ne6 Qe8 24. h4 Nb6 25. Bxb7 Rxb7 26. h5 g5 27. f4 g4 28. f5
Nd7 29. Rac1 Ne5 30. Rxe5 dxe5 31. Qe3 Kh8 32. Qe2 Rb8 33. Rc7 Ra8 34. h6 Rxa3
35. Qxb5 Rf8 36. Qxe8 Rxe8 37. b5 Rxg3+ 38. Kf2 Rb3 0-1

[Event "Husek Vienna Open A"]
[Site "Vienna AUT"]
[Date "2012.08.17"]
[Round "5"]
[White "Horvath, Cs1"]
[Black "Stevic, H."]
[Result "1/2-1/2"]
[WhiteElo "2505"]
[BlackElo "2614"]
[PlyCount "21"]
[EventDate "2012.08.13"]
[SourceDate "1999.07.01"]

1. d4 Nf6 2. c4 g6 3. Nf3 Bg7 4. g3 O-O 5. Bg2 d6 6. O-O c6 7. Nc3 Bf5 8. b3
Ne4 9. Bb2 Nxc3 10. Bxc3 Be4 11. e3 1/2-1/2